লোডিং...

Geography: realms, regions and concepts

গ্রন্থ-পঞ্জীর বিবরন
প্রধান লেখক: De Blij, H.J
অন্যান্য লেখক: Muller, Peter O.
বিন্যাস: Printed Book
ভাষা:English
প্রকাশিত: New Jersey John Wiley 2004
সংস্করন:11th ed.
বিষয়গুলি:
LEADER 00588nam a22001937a 4500
005 20151026130324.0
008 091019t xxu||||| |||| 00| 0 eng d
020 |a 0-471-45148-7 
080 |a 91  |b BLI 
100 |a De Blij, H.J.  |9 7344 
245 |a Geography:  |b realms, regions and concepts 
250 |a 11th ed. 
260 |a New Jersey  |b John Wiley  |c 2004  |9 7345 
300 |a xxix, 566p. 
653 |a Geography 
700 |a Muller, Peter O.  |9 7346 
942 |c REF  |6 _ 
999 |c 3192  |d 3192 
952 |0 0  |1 0  |2 udc  |4 0  |6 91_BLI  |7 0  |9 13518  |a UL  |b UL  |d 2009-10-19  |o 91 BLI  |p 00053976  |r 2009-10-19  |w 2009-10-19  |y REF